| 000 | 00000nam 2200000za 4500 |
| 001 | 9.688659 |
| 003 | CaOODSP |
| 005 | 20210624231530 |
| 007 | cr ||||||||||| |
| 008 | 150407s2006 onc|||||o f|0| 0 kor d |
| 020 | |a0-662-43808-6 |
| 040 | |aCaOODSP|beng |
| 043 | |an-cn--- |
| 086 | 1 |aS53-28/2006EK-PDF |
| 110 | 1 |aCanada. |bPublic Works and Government Services Canada. |bTranslation Bureau. |
| 245 | 10|aHandbook of terminology |h[electronic resource]. |
| 260 | |aOttawa : |bPublic Works and Government Services Canada, |c[2006], c2001 ; Korean Translation, c2005. |
| 300 | |a156 p. |
| 500 | |aⓒMinister of Public Works and Government Services Canada 2001 ; Korean Translation copyright ⓒ Hankook-Moonhwa-Sa Publishing Company 2005, ISBN 89-5726-306-3 93700. |
| 546 | |aText in English and Korean. |
| 590 | |a11-26-Supp|b2011-11-03 |
| 775 | 08|tPrécis de terminologie |w(CaOODSP)9.634201 |
| 775 | 08|tHandbook of terminology |w(CaOODSP)9.689804 |
| 856 | 40|ahttp://publications.gc.ca|qPDF|s3.28 MB|uhttps://publications.gc.ca/collections/collection_2011/tpsgc-pwgsc/S53-28-2006-kor.pdf |